Rediseño de la red de aire grado médico para el Hospital México
Furkejuvvon:
| Váldodahkki: | |
|---|---|
| Materiálatiipa: | Girji |
| Giella: | Spanish |
| Almmustuhtton: |
San José, Costa Rica
2018
|
| Fáttát: | |
| Fáddágilkorat: |
Lasit fáddágilkoriid
Eai fáddágilkorat, Lasit vuosttaš fáddágilkora!
|
MARC
| LEADER | 00000nam a22000007a 4500 | ||
|---|---|---|---|
| 003 | 012853 | ||
| 005 | 20221231144400.0 | ||
| 008 | 181030b2018 cr a|||| |||m 00| ||spa d | ||
| 040 | |c cru CEDI | ||
| 090 | |a TFG 8103 | ||
| 100 | |9 14448 |a Carmona Sandoval, Zhurelly | ||
| 245 | |a Rediseño de la red de aire grado médico para el Hospital México | ||
| 260 | |a San José, Costa Rica |c 2018 | ||
| 300 | |a xv, 185 hojas :ilustraciones a color | ||
| 500 | |a Proyecto de graduación (licenciatura en ingeniería mecánica)--Universidad de Costa Rica. Facultad de Ingeniería. Escuela de Ingeniería Mecánica | ||
| 650 | |x DISEÑO DE SISTEMAS |x INGENIERÍA MECÁNICA |x GAS |x HOSPITAL MEXICO (COSTA RICA) |9 14449 | ||
| 942 | |c TFG | ||
| 999 | |c 21055 |d 21055 | ||
